000
00296nam a2200121Ia 4500
008
220613s9999||||xx |||||||||||||| ||und||
100
_a
MARK FELDMAN
245
0
_a
SLEISENGER & FORTRAN GASTROINTESTIONAL& LIVER DISEASES
250
_a
8TH VOL2
300
_a
2889
650
_a
Gastro
942
_c
MEDI
999
_c
7723
_d
7723